| 000 | 00961nam a22002417a 4500 | ||
|---|---|---|---|
| 001 | 82852 | ||
| 003 | BD-RjUL | ||
| 005 | 20240129183816.0 | ||
| 008 | 240129s2006 bg a|||| m||| 00| 0 eng d | ||
| 035 | _a(BD-RjUL)82852 | ||
| 040 |
_aBD-RjUL _beng _cBD-RjUL _dBD-RjUL |
||
| 041 | _aeng | ||
| 082 |
_223 _a341.48095492 _bMAW 2006 |
||
| 100 |
_aMazid, Md. Abdul _91766 |
||
| 245 | 1 | 0 |
_aWomen oppression and human rights violation : _bA legal study on the acid burn victims in Bangladesh / _cBy Md. Abdul Mazid ; _6Supervisor : M. Rabiul Hossain |
| 260 |
_aRajshahi : _bInstitute of Bangladesh Studies, University of Rajshahi, _c2006 |
||
| 300 |
_axxxiv, 445 leaves : _bill, ; _c29.cm. |
||
| 502 | _aThesis (Ph. D.) -- Institute of Bangladesh Studies, University of Rajshahi, 2006 | ||
| 504 | _aBibliography : Leaves 370 - 389 | ||
| 650 |
_aHuman rights _vLaw of nations _zBangladesh _910059 |
||
| 700 |
_aHossain, M. Rabiul, Supervisor _91937 |
||
| 942 |
_2ddc _cTHE |
||
| 999 |
_c82852 _d82852 |
||